Statistiche per Tutti gli Stati che hanno controllato Vienna

Clicka qui per fare il quiz!

Statistiche generali

  • Questo quiz è stato fatto 16 volte
    (3 dall'ultimo reset)
  • Il punteggio medio è 20 su 34

Statistiche sulle risposte

Risposta% Corretto
Impero Austro-Ungarico
100%
Impero Romano
100%
Impero Romano d'Occidente
100%
Regno di Odoacre
100%
Regno Ostrogoto
100%
Sacro Romano Impero
100%
Seconda Repubblica Austriaca
100%
Impero Austriaco
67%
Impero Austriaco
67%
Impero Austriaco
67%
Impero Romano
67%
Occupazione Alleata (Unione Sovietica, Francia, USA, UK)
67%
Prima Repubblica Austriaca
67%
Primo Impero Francese
67%
Primo Impero Francese
67%
Regno degli Unni
67%
Regno dei Franchi Orientali
67%
Terzo Reich
67%
Tribù Longobarde
67%
Tribù Ostrogote
67%
Arciducato d'Austria
33%
Arciducato d'Austria
33%
Ducato d'Austria
33%
Ducato d'Austria
33%
Ducato di Baviera
33%
Khanato degli Avari
33%
Khanato degli Avari
33%
Regno della Grande Moravia
33%
Regno di Boemia
33%
Regno di Samo
33%
Regno d'Ungheria
33%
Repubblica dell'Austria tedesca
33%
Tribù Marcomanne
33%
Tribù Marcomanne
33%

Distribuzione punteggi

Percentile per numero di risposta

Percentuale di utenti per punteggio

I tuoi punteggi nel tempo

Non hai fatto questo quiz dall'ultimo reset